Guinea-Bissau-visa - Statistics

Yleistilastot
  • Tätä visaa on pelattu 242 kertaa
  • Keskiarvotulos 7 / 16
Vastaustilastot
Vihje Vastaus % Oikein
Naapurimaat Guinea
95%
Pääkaupunki Bissau
90%
Valtio, josta Guinea-Bissau itsenäistyi 1974 Portugali
87%
Naapurimaat Senegal
84%
Valuutta CFA-frangi
64%
Pähkinä, joka on tärkein vientituote Cashewpähkinä
53%
Metsätyyppi, joka peittää suuren osan maan rannikkoalueista Mangrove
51%
Suurimmat etniset ryhmät Mandinkat
29%
Puhutuin kieli Criolu
26%
Suurimmat etniset ryhmät Fulbet
26%
Guinea-Bissaun pääkaupungissa syntynyt Espanjan jalkapallomaajoukkueen historian toiseksi nuorin maalintekijä Ansu Fati
24%
88 saaresta koostuva Guinea-Bissaulle kuuluva saaristo Bissagossaaret
16%
Vuonna 1973 salamurhattu maan itsenäisyysliikkeen johtaja Amílcar Cabral
13%
Suurimmat etniset ryhmät Balantat
12%
Guinea-Bissaun presidentti 1980–1999 ja 2005–2009 João Bernardo Vieira
12%
Suurta osaa nykyisestä Guinea-Bissausta 1800-luvulla hajonnut valtio Kaabu
7%
Ehtoja vastaavia visoja ei löytynyt
Tulosjakauma
Jokaisen tuloksen saaneiden osuus
Persentiili vastausten määrän mukaan
Tuloshistoriasi
Et ole pelannut tätä visaa